| 000 | 01110cam a2200241 i 4500 | ||
|---|---|---|---|
| 999 |
_c7413 _d7413 |
||
| 003 | OSt | ||
| 005 | 20211118125146.0 | ||
| 008 | 130731s2013 sp 000 0 spa | ||
| 020 | _a9788415544289 | ||
| 040 |
_aDLC _cCDMR _bcat |
||
| 245 | 0 | 0 |
_aPeriodismo y memoria histórica : _bla contribución del periodismo en la recuperación de la memoria histórica a partir de testimonios orales / _cMargarita Antón Crespo, Ma. Estrella Alonso del Barrio, Ana Fuertes Zapatero (coordinadoras). |
| 264 | 1 |
_aSalamanca : _bComunicación Social Ediciones y Publicaciones, _c2013. |
|
| 300 |
_a185 pàgines ; _c21 cm. |
||
| 490 | 0 |
_aColección Contextos ; _v26 |
|
| 546 | _aText in Spanish and Portuguese. | ||
| 650 | 0 |
_aMemòria col·lectiva _zEspanya _xHistòria _y1936-1939, Guerra Civil _vCongressos _94712 |
|
| 650 | 0 |
_aPeriodisme _zEspanya _xHistòria _y1936-1939, Guerra Civil _vCongressos _93173 |
|
| 651 | 0 |
_aEspanya _xHistòria _y1936-1939, Guerra Civil _xFonts _vCongressos _94698 |
|
| 700 | 1 | _aAntón Crespo, Margarita, | |
| 700 | 1 | _aAlonso del Barrio, Estrella, | |
| 700 | 1 | _aFuertes Zapatero, Ana, | |
| 942 |
_2udc _cPON |
||